000
00298nam a2200121Ia 4500
008
190216s9999||||xx |||||||||||||| ||und||
100
_a
Calicut University
245
0
_a
Sahithya Saurabam
260
_b
Calicut University Central Co-Operative
300
_a
120
650
_a
Kavithkal
942
_c
BK
999
_c
27650
_d
27650